Jména příběhu /

Hlavní autor: Vajchr, Marek, 1965-
Jazyk: Čeština
Vydáno: Praha : Revolver Revue, 2016
Vydání: První vydání
Edice: Revolver Revue
Témata:
Externí odkaz: Digitalizovaný dokument
Fyzický popis: 622 stran : ilustrace (převážně barevné), portréty, faksimile ; 21 cm
Knihy
Uloženo v:
LEADER 01628nam a2200445 i 4500
001 nkc20162833884
003 CZ PrNK
005 20200613235007.0
007 ta
008 160919s2016 xr ach g 000 f cze
015 |a cnb002833884 
020 |a 978-80-87037-83-6  |q (Revolver Revue ;  |q vázáno) 
020 |a 978-80-7331-394-4  |q (Akademie múzických umění ;  |q vázáno) 
035 |a (OCoLC)962340959 
040 |a OLA001  |b cze  |d ABA001  |e rda 
072 7 |a 821.162.3-3  |x Česká próza  |2 Konspekt  |9 25 
080 |a 821.162.3-31  |2 MRF 
080 |a 930.85(437.3)"15/17"  |2 MRF 
080 |a (0:82-31)  |2 MRF 
100 1 |a Vajchr, Marek,  |d 1965-  |7 kup19960000105347  |4 aut 
245 1 0 |a Jména příběhu /  |c Marek Vajchr 
250 |a První vydání 
264 1 |a Praha :  |b Revolver Revue,  |c 2016 
300 |a 622 stran :  |b ilustrace (převážně barevné), portréty, faksimile ;  |c 21 cm 
336 |a text  |b txt  |2 rdacontent 
337 |a bez média  |b n  |2 rdamedia 
338 |a svazek  |b nc  |2 rdacarrier 
490 1 |a Revolver Revue ;  |v sv. 100 
504 |a Obsahuje bibliografické odkazy 
650 0 7 |a české baroko  |7 ph116863  |2 czenas 
650 0 9 |a Czech baroque  |2 eczenas 
655 7 |a české romány  |7 fd133974  |2 czenas 
655 9 |a Czech fiction  |2 eczenas 
830 0 |a Revolver Revue  |0 s 
856 4 1 |u http://www.digitalniknihovna.cz/mzk/uuid/uuid:903b8b50-a4c7-11ea-b0db-005056827e52  |y Digitalizovaný dokument  |x NDK 
910 2 |a BOA001  |b 2-1373.926 
990 |a BK 
995 |a 01 
991 |b 201610  |c NOV 
996 6 |b 2610683665  |c 2-1373.926  |l MZK  |r Sklad / do 1 hodiny  |n 1  |p p.v.  |w 001581030  |u 000010  |a 1  |e BOA001  |j MZK50  |s P